| 000 | 00433nam a22001817a 4500 | ||
|---|---|---|---|
| 003 | CEME | ||
| 005 | 20251105142736.0 | ||
| 008 | 210201b xxu||||| |||| 00| 0 eng d | ||
| 020 | _a969-35-1552-8 | ||
| 040 | _c. | ||
| 082 | _a891.42 ISH | ||
| 100 |
_aAshfaq Ahmad _93162 |
||
| 245 | _aکھٹیا وٹیا | ||
| 260 |
_aLAHORE _bSANG-E-MEEL _c2004 |
||
| 300 | _a120P | ||
| 650 |
_aکھٹیا وٹیا _9121343 |
||
| 942 |
_cBK _2ddc |
||
| 999 |
_c583521 _d583521 |
||